Flowers - Statistics

General Stats
  • This quiz has been taken 13 times
  • The average score is 11 of 27
Answer Stats
Answer % Correct
Rose
100%
Daisy
82%
Tulip
82%
Daffodil
73%
Dahlia
73%
Geranium
64%
Iris
64%
Lily
64%
Violet
64%
Carnation
55%
Petunia
55%
Sunflower
55%
chrysanthemum
45%
Marigold
45%
Crocus
36%
Lavender
36%
Orchid
36%
Gerbera
27%
Poppy
27%
Lily of the Valley
18%
Dianthus
9%
Gardenia
9%
Lisianthus
9%
Peonies
9%
Periwinkle
9%
azalea
0%
Pointsietta
0%
No matching quizzes found
Score Distribution
Percent of People with Each Score
Percentile by Number Answered
Your Score History
You have not taken this quiz